000 00657cam a2200229 a 4500
001 1561449
005 20231124045103.0
008 921002s1993 coua b 001 0 eng
020 _a1555873464 (alk. paper) :
020 _a1555873545 (pbk. : alk. paper) :
040 _aDLC
_cDLC
_dDLC
082 0 0 _a305.42/0956
_220
_bVAL.
100 1 _aMoghadam, Valentine M.,
245 1 0 _aModernizing women :
_bgender and social change in the Middle East /
_cValentine M. Moghadam.
260 _aBoulder, CO :
_bL. Rienner,
_c1993.
300 _axvi, 311 p. :
650 0 _aWomen
650 0 _aMuslim women
650 0 _aWomen
650 0 _aMuslim women
942 _cL
999 _c76
_d76